| 000 | 00599nam a2200193 i 4500 | ||
|---|---|---|---|
| 001 | 95849 | ||
| 003 | ES-MaACL | ||
| 005 | 20250928114915.0 | ||
| 007 | t| | ||
| 008 | 050606s1978 sp ||||1| spa d | ||
| 020 | _a84-239-4966-4 | ||
| 100 | 1 |
_aMacFarlane, Leslie John. _975145 |
|
| 245 | 1 | 0 |
_aTeoría política moderna / _cL. J. Macfarlane; traducción del inglés por Guillermo Solana Alonso. |
| 260 |
_aMadrid : _bEspasa-Calpe, _c1978. |
||
| 300 |
_a365 p. ; _c19 cm. |
||
| 700 | 1 |
_aSolana, Guillermo, _d1930-2004 _9107067 |
|
| 852 |
_aES-MaACL _jL-9729 _bR.110911 |
||
| 999 |
_c95849 _d95849 |
||